000 00550nam a22001697a 4500
003 OSt
005 20250710111221.0
008 250710b |||||||| |||| 00| 0 eng d
040 _cAIMIT LIBRARY
100 _aS, Krithi.
_e222112
_9217994
245 _aAreca nut disease prediction and pesticide prescription /
_cBy Krithi S.
260 _aMangalore ;
_c2024.
700 _aPinto, Jeevan.
_eMentor
_9217995
700 _aKakunje, GK Bhat.
_eGuide
_9217996
856 _3Kakunje Software Pvt Ltd, Mangalore.
_uwww.kakunjesoftware.com
942 _2ddc
_cPRO
999 _c234606
_d234606